000 01529nam a2200313Ia 4500
003 PE SENCICO BE
005 20251020182443.0
008 200515s9999 xx 000 0 und d
020 _a968-880-660-9
040 _aPE SENCICO BE
_cPE SENCICO BE
041 _aspa
082 _a530
_bW68
100 1 _aWilson, Jerry D.
_93326
_eautor
245 1 0 _aFísica /
_cJerry D. Wilson
250 _a1a ed.
260 _aMéxico, D.F. :
_bPrentice-Hall Hispanoamericana,
_c1996
300 _axxiii, 766 páginas :
_bilustraciones a color, tablas, gráficos ;
_c27 cm.
505 0 _aUnidades y solución de problemas -- Cinemática: descripción del movimiento -- Movimiento en dos dimensiones -- Fuerza y movimiento -- Trabajo y energía -- Cantidad de movimiento y gravitación -- Movimiento rotacional y equilibrio -- Sólidos y fluidos -- Temperatura -- Calor -- Termodinámica -- Vibraciones y ondas -- Sonido -- Carga, fuerza y energías eléctricas -- Corriente eléctrica y resistencia -- Circuitos eléctricos básicos -- Magnetismo -- Inducción electromagnética -- Circuito de CS -- Óptica geométrica -- Los espejos y las lentes -- Óptica física -- Instrumentos ópticos
650 1 0 _aFísica
_974
650 2 0 _aCinemática
_9163
650 2 0 _aMagnetismo
_93313
650 2 0 _aSonido
_951
650 2 0 _aTemperatura
_92122
650 2 0 _aTermodinámica
_92123
650 2 0 _aCircuitos eléctricos
_91371
650 2 0 _aOndas
_93315
700 1 _93327
_aPalmas Velasco, Oscar Alfredo
_etraductor
942 _cLIB
_2ddc
999 _c620
_d620